000 00408nam a2200157Ia 4500
003 GCL
008 140319s9999 xx 000 0 ara d
040 _aGCL /
_cGCL
082 0 4 _aد
_b050
245 1 0 _aتقاسيم على انغام من بلدنا(اقرا 568 )
490 _aاقرأ
_v0
650 0 4 _aمصر
650 0 4 _aمقالات
650 0 4 _aالمقالات - مجموعات
942 _2ddc
_cBK
999 _c48640
_d48640